تخطي إلى المحتوى

Общая физиотерапия Ч. 1 Общая физиотерапия

В сборнике представлены тестовые задания, требующие от специалистов знаний механизмов действия лечебных физических факторов на организм, лечебных эффектов методов аппаратной физиотерапии и курортологии, особенностей их применения в клинической практике, показаний и противопоказаний к назначению, пар...

وصف كامل

محفوظ في:
التفاصيل البيبلوغرافية
المؤلف الرئيسي: Поддубная О. А.
مؤلفون آخرون: Нечаева Е. И., Горелова Ю. В., Перминова Н. М.
التنسيق: Книга
اللغة:Russian
منشور في: Томск СибГМУ 2017
الوصول للمادة أونلاين:https://e.lanbook.com/book/113521
https://e.lanbook.com/img/cover/book/113521.jpg
الوسوم: إضافة وسم
لا توجد وسوم, كن أول من يضع وسما على هذه التسجيلة!
LEADER 02350nam0a2200289 i 4500
001 113521
003 RuSpLAN
005 20221220174022.0
008 221220s2017 ru gs 000 0 rus
040 |a RuSpLAN 
041 0 |a rus 
044 |a ru 
080 |a 615.8(075.8)(079.1) 
084 |a 53.54я73  |2 rubbk 
245 1 |a Общая физиотерапия  |c Поддубная О. А.,Нечаева Е. И.,Горелова Ю. В.,Перминова Н. М.   |n Ч. 1  |p Общая физиотерапия 
260 |a Томск  |b СибГМУ  |c 2017 
300 |a 188 с. 
504 |a Библиогр.: доступна в карточке книги, на сайте ЭБС Лань 
520 8 |a В сборнике представлены тестовые задания, требующие от специалистов знаний механизмов действия лечебных физических факторов на организм, лечебных эффектов методов аппаратной физиотерапии и курортологии, особенностей их применения в клинической практике, показаний и противопоказаний к назначению, параметров лечебного воздействия, принципов дозирования процедур, основных методик лечения и характеристик аппаратуры для их проведения. Издание может служить для подготовки специалистов к экзаменам по физиотерапии. Предназначено для врачей-физиотерапевтов, слушателей факультетов повышения квалификации и последипломного образования по специальности «Физиотерапия». 
521 8 |a Книга из коллекции СибГМУ - Медицина 
100 1 |a Поддубная О. А. 
700 1 |a Нечаева Е. И. 
700 1 |a Горелова Ю. В. 
700 1 |a Перминова Н. М. 
856 4 |u https://e.lanbook.com/book/113521 
856 4 8 |u https://e.lanbook.com/img/cover/book/113521.jpg 
953 |a https://e.lanbook.com/img/cover/book/113521.jpg